| 000 | 01151nam a2200229Ia 4500 | ||
|---|---|---|---|
| 001 | L140-951 | ||
| 003 | IT-CnALBA | ||
| 008 | 170116s9999||||xx |||||||||||||| ||und|| | ||
| 040 |
_aIT-CnALBA _cIT-CnALBA |
||
| 041 | _aITALIANO | ||
| 100 | _aCARLINI ARMANDO | ||
| 245 | 0 | _aSPIRITUALISMO (LO) CRISTIANO CONTEMPORANEO. | |
| 250 | _a1a ed. | ||
| 260 |
_a TO BO CT PA _bSOCIETÀ ED. INTER. _c1954 [1° Ed.:1954 - Ed.Ling.Originale: 1954] |
||
| 300 | _a201 p. (prefazione: 27) | ||
| 500 | _aRACCOLTA ANTOLOGICA DI ROGGERONE A. REALISMO ARTE FILOSOFIA RELIGIONE. INFINITO E FILOSOFIA. VIGORE E VALORE. VALORI STORICI E VALORI REALI. MORALITÀ ALTERITÀ ISTINTO E RAGIONE. ESISTENZA DI DIO. INTERIORITÀ OGGETTIVA. | ||
| 501 | _aSocietà San Paolo EM - Piazza San Paolo, 14 - 12051 ALBA (CN) (non commercial uses only) ® Copyright 2017 | ||
| 520 | _aRACCOLTA ANTOLOGICA DI ROGGERONE A. REALISMO ARTE FILOSOFIA RELIGIONE. INFINITO E FILOSOFIA. VIGORE E VALORE. VALORI STORICI E VALORI REALI. MORALITÀ ALTERITÀ ISTINTO E RAGIONE. ESISTENZA DI DIO. INTERIORITÀ OGGETTIVA. | ||
| 650 | _aSISTEMI FILOSOFICI | ||
| 942 | _cBK | ||
| 957 | _71 | ||
| 999 |
_a1043 _bNO _g Copie: 1 _c260180 _d260180 |
||